000 00975cam a2200301 4500
999 _c128846
_d128846
001 3159221
003 ARRUPE
005 20190129153438.0
008 710831s1971 enkacf 001 0 eng
010 _a 74583216
015 _aB71-05647
020 _a0091055105
040 _aDLC
_cDLC
_dDLC
041 1 _aengger
050 0 0 _aSPC GN64
_b.G413 1971b
082 0 0 _a573/.6/92
100 1 _aGerasimov, M. M.
_q(Mikhail Mikhaĭlovich),
_d1907-1970.
_944249
240 1 0 _aIch suchte Gesichter.
_lEnglish
245 1 4 _aThe face finder
_c[by] Mikhail Gerasimov; translated from the German by Alan Houghton Brodrick.
260 _aLondon,
_bHutchinson,
_c1971.
300 _axxiii, 199 p., 16 plates.
_billus., port.
_c24 cm.
350 _a£3.00
500 _aTranslation of Ich suchte Gesichter.
650 0 _aCraniology.
_944250
650 0 _aFace.
_944251
650 0 _aDead
_xIdentification.
_944252
700 _aBrodrick, Alan H
_etr.
_944253
906 _a7
_bcbc
_corignew
_d3
_encip
_f19
_gy-gencatlg
942 _2lcc
_cSPC